[Event "Bhubaneswar op-A 14th"]
[Site "Bhubaneswar"]
[Date "2023.06.14"]
[Round "5"]
[White "Mahith, Giridhar"]
[Black "Atrinjay, Saha"]
[Result "0-1"]
[WhiteElo "1650"]
[BlackElo "1389"]
[PlyCount "119"]
[EventDate "2023.06.11"]
[EventType "swiss"]
[EventRounds "10"]
[EventCountry "IND"]
[SourceTitle "CBM 214 Extra"]
[Source "ChessBase"]
[SourceDate "2023.07.31"]
[SourceVersion "1"]
[SourceVersionDate "2023.07.31"]
[SourceQuality "1"]

1. d4 d5 2. c4 c6 3. Nf3 Nf6 4. e3 Bf5 5. Nc3 e6 6. Nh4 Bg6 7. Qb3 Qb6 8. Bd2 Nbd7 9. Nxg6 hxg6 10. g3 Be7 11. Bg2 Rc8 12. h4 Qc7 13. e4 dxe4 14. Nxe4 Nxe4 15. Bxe4 Nf6 16. Bf3 Rd8 17. Be3 Kf8 18. 0-0-0 b6 19. Kb1 Kg8 20. Qa4 Rc8 21. Qc2 b5 22. cxb5 cxb5 23. Qb3 b4 24. Bd2 Qa5 25. d5 Nxd5 26. Bxd5 Qxd5 27. Qxd5 exd5 28. Be3 Rc7 29. Rxd5 Rh5 30. Rhd1 Rxd5 31. Rxd5 a6 32. Ra5 Rc6 33. Ra4 f5 34. Bd2 Bc5 35. f3 Bf2 36. Rxb4 Bxg3 37. Bg5 Kf8 38. Rd4 Bd6 39. a4 Kf7 40. Ka2 Ke6 41. Bf4 Be7 42. Bg3 Rb6 43. Rc4 Kd5 44. Rc2 Bf6 45. b3 Re6 46. Rd2+ Kc6 47. Bf2 Be7 48. Kb2 Bb4 49. Rc2+ Kd5 50. Ba7 Re7 51. Bb6 Re6 52. a5 Rc6 53. Rg2 Ke5 54. h5 gxh5 55. Rxg7 Kf4 56. Rh7 Kxf3 57. Rxh5 Kg4 58. Rh2 f4 59. Rc2 Rxc2+ 60. Kxc2 0-1